Estudios de filosofía del derecho y derecho penal / (Registro nro. 172773)
[ vista simple ]
| 000 -LEADER | |
|---|---|
| fixed length control field | 01233nam a22003491i 4500 |
| 001 - CONTROL NUMBER | |
| control field | bslw10055312 |
| 006 - FIXED-LENGTH DATA ELEMENTS--ADDITIONAL MATERIAL CHARACTERISTICS--GENERAL INFORMATION | |
| fixed length control field | m o d |
| 007 - PHYSICAL DESCRIPTION FIXED FIELD--GENERAL INFORMATION | |
| fixed length control field | cr un ---uuuua |
| 008 - FIXED-LENGTH DATA ELEMENTS--GENERAL INFORMATION | |
| fixed length control field | 230530s2013 sp ob 000 0 spa d |
| 020 ## - INTERNATIONAL STANDARD BOOK NUMBER | |
| International Standard Book Number | 9788413810843 |
| 035 ## - | |
| -- | 38425 |
| 040 ## - CATALOGING SOURCE | |
| Original cataloging agency | UtOrBLW |
| Language of cataloging | eng |
| Description conventions | rda |
| Transcribing agency | UtOrBLW |
| 050 #4 - | |
| -- | K5018 |
| -- | .S44 2013 |
| 082 04 - | |
| -- | 345.001 |
| -- | 23 |
| 100 1# - MAIN ENTRY--PERSONAL NAME | |
| Personal name | Seelmann, Kurt, |
| Dates associated with a name | 1947- |
| Relator term | author. |
| 245 10 - TITLE STATEMENT | |
| Title | Estudios de filosofía del derecho y derecho penal / |
| Statement of responsibility, etc | Kurt Seelmann ; edición a cargo de Juan Pablo Montiel ; prólogo de Jesús-María Silva Sánchez. |
| 264 #1 - | |
| -- | Madrid : |
| -- | Marcial Pons, |
| -- | 2013. |
| 300 ## - PHYSICAL DESCRIPTION | |
| Extent | 1 online resource (219 pages) |
| 336 ## - | |
| -- | text |
| -- | txt |
| -- | rdacontent |
| 337 ## - | |
| -- | computer |
| -- | c |
| -- | rdamedia |
| 338 ## - | |
| -- | online resource |
| -- | cr |
| -- | rdacarrier |
| 490 1# - SERIES STATEMENT | |
| Series statement | Derecho penal y criminología |
| 504 ## - BIBLIOGRAPHY, ETC. NOTE | |
| Bibliography, etc | Includes bibliographical references. |
| 650 #0 - SUBJECT ADDED ENTRY--TOPICAL TERM | |
| Topical term or geographic name as entry element | Law |
| General subdivision | Philosophy. |
| 650 #0 - SUBJECT ADDED ENTRY--TOPICAL TERM | |
| Topical term or geographic name as entry element | Criminal law. |
| 700 1# - ADDED ENTRY--PERSONAL NAME | |
| Personal name | Montiel, Juan Pablo, |
| Relator term | editor. |
| 700 1# - ADDED ENTRY--PERSONAL NAME | |
| Personal name | Silva Sánchez, Jesús-María, |
| Relator term | writer of introduction. |
| 830 #0 - | |
| -- | Derecho penal y criminología (Marcial Pons (Firm)) |
| 856 40 - LOCALIZACIÓN Y ACCESO ELECTRÓNICO | |
| Identificador Uniforme del Recurso (URI/URL) | https://app.vlex.com/#/sources/38425 |
| 942 ## - | |
| -- | RAA |
| 999 ## - | |
| -- | 172773 |
| -- | 172773 |
No hay ítems disponibles.